000 00672Cam#a22002775a#4500
003 AR-RoUNA
005 20190731122700.0
008 140415s1989||||sp|||||| |||| 0|spa d
020 _a8470950045
040 _aAR-RoUNA
_bspa
041 0 _aspa
080 _a7.017
092 _sSala
_c7.017
_lH426
100 1 _aHayten, Peter J..
_922983
245 1 3 _aEl color en las artes /
_cPeter J. Hayten.
250 _a4ta ed. reformada.
260 _aEspaƱa :
_bLEDA,
_c1989.
300 _a96 p. :
_bil.
_c22 cm.
490 0 _aColor en todo
650 4 _aColor
650 4 _aArte
908 _aImp;
930 _e10381
942 _2cdu
_cLIB
945 _aMTC
999 _c5739
_d5739